000 04511nab a2200289 i 4500
003 BR-BrBNA
005 20240202092744.0
008 240202b2018 bl.qr|pooa||| 00| 0 por |
040 _aBR-BrBNA
_bpor
072 _aF02
_b3290
072 _aK10
100 _aLima, Clenes Cunha
100 _aOhashi, Selma Toyoko
100 _aSilveira, Ailton Souza
245 _aEfeito de diferentes concentrações de AIB e procedências geográficas no enraizamento de estacas de paricá
500 _aPublicação on-line; 37 ref.; 3 tables; 4 illus.; Summaries (En, Pt)
520 _a RESUMO O objetivo deste trabalho foi determinar a influência da procedência e da concentração do ácido indol-3-butírico (AIB) no enraizamento de estacas provenientes de mudas de paricá. As procedências testadas foram: Belém-PA, Tucuruí-PA e Sinop-MT das quais foram obtidas sementes e produzidas mudas para obtenção de estacas. As estacas foram imersas em solução de AIB nas concentrações de 0, 2.000 e 3.000 ppm durante 10 segundos e plantadas em bandejas plásticas contendo vermiculita e fibra de coco como substrato (1:1 v/v). O delineamento foi inteiramente ao acaso, em esquema fatorial 3 x 3 (procedências x concentração de AIB) com quatro repetições e dez estacas por parcela. Após 45 dias foram obtidos dados de percentagem de estacas enraizadas, número médio de raízes, comprimento da maior raiz, percentagem de estacas vivas sem formação de raiz, percentagem de estacas mortas e percentagem de estacas que emitiram brotos. A análise de variância indicou que não houve diferenças estatísticas significativas entre as procedências, porém, para a concentração verificou-se que as soluções a 2.000 e 3.000 ppm foram mais eficientes para enraizamento e desenvolvimento de raiz. A interação indicou comportamento diferencial entre procedências devido à procedência Sinop-MT ter apresentado comportamento inferior na ausência do AIB, contudo, com uma resposta superior às demais procedências quando da aplicação da solução de AIB. Nesse sentido, faz-se necessário definir concentrações mais adequadas para o enraizamento de estacas obtidas de diferentes procedências geográficas. Palavras-chave: estaquia; muda; auxina; Fabaceae
520 _a ABSTRACT This work aimed at determining the influence of the origin and of the concentration of Indole-3-butyric acid (IBA) over the rooting of paricá cuttings. The origins tested were: Belém (PA), Tucuruí (PA) and Sinop (MT). We obtained seeds from those locations and produced seedlings from which cuttings. The cutting were immersed in IBA solution in the concentrations of 0, 2000 and 3000 ppm (parts per million) for 10 seconds and planted in plastic trays containing vermiculite and coconut fiber as substrate (1:1 v/v). We employed a fully randomized delineation, in a factorial scheme of 3x3 (origins x IBA concentrations) with four repetitions and ten cuttings per part. After 45 days we measured the percentage of rooted cuttings, average number of roots, length of the longer root, percentage of rootless living cuttings, percentage of dead cuttings and percentage of cuttings that produced sprouts. The variance analysis suggested that there were no significant statistical difference between the origins. On the other hand, we verified that the solutions with concentrations of 2000 and 3000 ppm were more efficient for both rooting and root development. The interaction indicated a difference in behavior between the origins, since specimens from Sinop (MT) had lower performance without the IBA, but having a superior response, compared to the other origins, when immersed in the IBA solution. Therefore, it becomes necessary to define the proper concentrations for the rooting of cuttings coming from different geographical locations. Keywords: cutting; seedling; auxin; Fabaceae
650 _aPARICÁ
650 _aMUDA
650 _aESTACA
650 _aAUXINA
773 0 _04065
_9198128
_dSanta Maria-RS Universidade Federal de Santa Maria - Centro de Pesquisas Florestais.Departamento de Ciências Florestais. Programa de Pós-Graduação em Engenharia Florestal 1991
_o2023-437009
_tCiência Florestal (Brazil)
_x0103-9954; 1980-5098 (on-line)
_gv. 28(3) p. 1282-1292 (Jul-Sep 2018)
_wBR2023001530
856 _uhttps://periodicos.ufsm.br/cienciaflorestal/article/view/33380/pdf
942 _cAnalítica
999 _c298428
_d298428